000 00747nam a2200205Ia 4500
005 20251020182547.0
008 200515s9999 xx 000 0 und d
082 _a77.04/B72
100 _aBONNICI, Peter PROUD, Linda
245 0 _aDiseño con fotografías : design fundamentals
260 _aLima
260 _c1982
300 _a160
520 _aEl conocimiento del contenido fotográfico y de la composición, combinado con una conciencia del buen diseño y las posibilidades ofrecidas por diferentes tratamientos fotograf., pueden ayudarnos a transformar un diseño mediocre en uno verdaderamente expres
650 _aDISEÑO FOTOGRAFICO
650 _aFOTOGRAFIA ARTISTICA
650 _aFOTOGRAFIAS
650 _aLIB
942 _cLIB
999 _c2604
_d2604